[Event "Challenge"]
[Site "http://www.queenalice.com/game.php?id=149030"]
[Date "2007.1.2"]
[Round "-"]
[White "Blackangel"]
[Black "GMTHUNDERCAT"]
[Result "0-1"]
[WhiteElo "1904"]
[BlackElo "2067"]

1. c4 Nf6 2. e3 e5 3. a3 Nc6 4. Nc3 g6 5. Nf3 Bg7 6. d4 exd4 7. exd4 d5 8. h3
O-O 9. c5 Ne4 10. Be2 Nxc3 11. bxc3 b6 12. cxb6 axb6 13. O-O Re8 14. Bb5 Bd7 15.
Bg5 Qc8 16. Qb3 Na5 17. Qb1 Bf5 18. Qa2 c6 19. Ba4 Nc4 20. Bc2 Rxa3 21. Bxf5
Qxf5 22. Qxa3 Nxa3 23. Rxa3 f6 24. Be3 Qd3 25. Rfa1 g5 26. Nd2 Rxe3 27. fxe3
Qxe3+ 28. Kh1 Qxd2 29. Ra8+ Bf8 30. R1a6 Kf7 31. R6a7+ Be7 32. Rh8 Qe1+ 33. Kh2
Kg6 34. Rd7 Ba3 35. Rhxh7 Bc1 36. g4 Qf2+ 37. Kh1 Qf1+ 38. Kh2 Bf4# 0-1

[Event "Challenge"]
[Site "http://www.queenalice.com/game.php?id=151293"]
[Date "2007.1.7"]
[Round "-"]
[White "orinto"]
[Black "GMTHUNDERCAT"]
[Result "0-1"]
[WhiteElo "2076"]
[BlackElo "2077"]

1. d4 Nf6 2. c4 e6 3. Nf3 b6 4. g3 Ba6 5. b3 Bb4+ 6. Bd2 Be7 7. Bg2 Nc6 8. O-O
O-O 9. Nc3 d5 10. cxd5 Nxd5 11. Nxd5 exd5 12. Re1 Bb7 13. a3 Bf6 14. e3 Qd6 15.
Qc2 g6 16. Rec1 Rfc8 17. Bh3 Re8 18. b4 a6 19. Rab1 Re7 20. a4 Nd8 21. b5 a5 22.
Rb3 Bc8 23. Bg2 Bg7 24. Rc3 Bf5 25. Qa2 Be4 26. Qb3 Rd7 27. Ne1 Bxg2 28. Kxg2
Qe7 29. R3c2 Ne6 30. Nd3 Bxd4 31. exd4 Nxd4 32. Qb2 Qe4+ 33. Kg1 Ne2+ 34. Kf1
Re8 35. Be3 Nxc1 36. Nxc1 Qh1+ 37. Ke2 d4 0-1

[Event "Challenge"]
[Site "http://www.queenalice.com/game.php?id=181320"]
[Date "2007.3.13"]
[Round "-"]
[White "gummino"]
[Black "GMTHUNDERCAT"]
[Result "0-1"]
[WhiteElo "2168"]
[BlackElo "2105"]

1. e4 c5 2. Nf3 Qc7 3. Nc3 a6 4. d4 cxd4 5. Nd5 Qa5+ 6. Bd2 Qd8 7. Bf4 d6 8.
Qxd4 Nc6 9. Qe3 e5 10. Bg5 f6 11. Qb6 Qxb6 12. Nxb6 Rb8 13. Be3 f5 14. exf5 Bxf5
15. O-O-O Be7 16. Bc4 Na5 17. Be2 Nf6 18. h3 Nc6 0-1

[Event "AUTO-OPEN-388"]
[Site "http://www.queenalice.com/game.php?id=192904"]
[Date "2007.4.6"]
[Round "2"]
[White "GMTHUNDERCAT"]
[Black "cappapleta"]
[Result "1-0"]
[WhiteElo "2145"]
[BlackElo "2151"]

1. d4 d5 2. Nf3 e6 3. c4 Nf6 4. Nc3 c5 5. cxd5 cxd4 6. Qxd4 exd5 7. e4 Nc6 8.
Bb5 dxe4 9. Bxc6+ bxc6 10. Qxd8+ Kxd8 11. Ng5 Ke8 12. O-O Bf5 13. Re1 Rb8 14.
Ngxe4 Nxe4 15. Nxe4 Kd7 16. Rd1+ Kc8 17. Nd6+ Bxd6 18. Rxd6 Rd8 19. Rxd8+ Kxd8
20. b3 Rb5 21. f3 1-0

[Event "AUTO-OPEN-388"]
[Site "http://www.queenalice.com/game.php?id=192905"]
[Date "2007.4.6"]
[Round "2"]
[White "cappapleta"]
[Black "GMTHUNDERCAT"]
[Result "0-1"]
[WhiteElo "2164"]
[BlackElo "2132"]

1. e4 Nc6 2. d4 d5 3. exd5 Qxd5 4. Nf3 Bg4 5. Nc3 Qa5 6. Bb5 O-O-O 7. Bxc6 bxc6
8. Qd3 c5 9. Be3 cxd4 10. Nxd4 e5 11. Nc6 Rxd3 12. Nxa5 Rd7 13. O-O a6 14. f4
exf4 15. Rxf4 Nf6 16. Nb3 Be6 17. Ra4 Kb7 18. Re1 h5 19. Na5+ Kc8 20. h3 Nd5 21.
Nxd5 Rxd5 22. Nb3 Kb7 0-1

[Event "Challenge"]
[Site "http://www.queenalice.com/game.php?id=204216"]
[Date "2007.4.30"]
[Round "-"]
[White "GMTHUNDERCAT"]
[Black "aquinogyn"]
[Result "1-0"]
[WhiteElo "2097"]
[BlackElo "1914"]

1. e4 e5 2. Nf3 Nc6 3. Bc4 d6 4. d4 Bg4 5. c3 Qb8 6. Bxf7+ Kxf7 7. Ng5+ Ke8 8.
Qxg4 Qc8 9. Qh5+ g6 10. Qf3 Qd7 11. d5 Na5 12. O-O h6 13. Ne6 Bg7 14. b4 Nc4 15.
Qd3 Nb6 16. f4 Nf6 17. fxe5 dxe5 18. Nd2 c6 19. Nb3 cxd5 20. Nbc5 Qe7 21. exd5
Kf7 22. d6 Qe8 23. Be3 Qc6 24. Rxf6+ Bxf6 25. Rf1 Nd7 26. Qc4 Nxc5 27. Nd8+ 1-0

[Event "Challenge"]
[Site "http://www.queenalice.com/game.php?id=205792"]
[Date "2007.5.4"]
[Round "-"]
[White "headhunter"]
[Black "GMTHUNDERCAT"]
[Result "0-1"]
[WhiteElo "2159"]
[BlackElo "2119"]

1. e4 c5 2. Nf3 Nc6 3. Bb5 d6 4. d4 cxd4 5. Qxd4 Bd7 6. Bxc6 Bxc6 7. Nc3 Nf6 8.
Bg5 e6 9. O-O-O Be7 10. Rhe1 O-O 11. Qd3 Qa5 12. h4 h6 13. Bd2 Qh5 14. Bf4 d5
15. exd5 Nxd5 16. Bg3 Rfd8 17. Nxd5 Bxd5 18. a3 Rac8 19. Qe2 Bf6 20. Rd2 a6 21.
Red1 b5 22. Qe3 a5 23. Qb6 b4 24. a4 b3 25. c3 Qg4 26. Rxd5 exd5 27. Qxb3 d4 28.
c4 d3 0-1

[Event "Challenge"]
[Site "http://www.queenalice.com/game.php?id=220860"]
[Date "2007.6.5"]
[Round "-"]
[White "esterminio1"]
[Black "GMTHUNDERCAT"]
[Result "0-1"]
[WhiteElo "2165"]
[BlackElo "2171"]

1. d4 Nf6 2. c4 g6 3. Nc3 Bg7 4. e4 d6 5. Be2 O-O 6. Nf3 e5 7. dxe5 dxe5 8. Qxd8
Rxd8 9. Bg5 Be6 10. Nxe5 h6 11. Bh4 g5 12. Bg3 Na6 13. Nf3 Nb4 14. Rc1 c6 15.
Nd2 Nd3+ 16. Bxd3 Rxd3 17. Ke2 Rad8 18. Rhd1 Nh5 19. Nd5 Rxg3 20. hxg3 cxd5 21.
cxd5 Bg4+ 22. f3 Bd7 23. Rc7 Nxg3+ 24. Kf2 Bd4+ 25. Ke1 Bb6 26. Rxb7 Bb5 27. Rc1
Ne2 28. Rcc7 Bxc7 29. Rxc7 Nf4 30. Rxa7 Nxg2+ 31. Kf2 Rc8 32. Kxg2 Rc2 33. f4
Rxd2+ 34. Kf3 Rxb2 35. fxg5 hxg5 36. a4 Be2+ 37. Ke3 Bf1 38. d6 Rb3+ 39. Kf2 Bh3
40. Ke2 Kg7 41. e5 Be6 42. Rc7 Kf8 43. a5 g4 44. a6 Ra3 45. a7 Ke8 46. Rb7 Bd5
47. Re7+ Kd8 0-1

[Event "Challenge"]
[Site "http://www.queenalice.com/game.php?id=220868"]
[Date "2007.6.5"]
[Round "-"]
[White "GMTHUNDERCAT"]
[Black "esterminio1"]
[Result "1-0"]
[WhiteElo "2158"]
[BlackElo "2178"]

1. d4 e6 2. Nf3 Nf6 3. c4 d5 4. Nc3 Bb4 5. Bg5 c6 6. Bxf6 Qxf6 7. e3 O-O 8. Qb3
Bd6 9. Bd3 b6 10. O-O Qh6 11. Rfd1 Nd7 12. cxd5 exd5 13. e4 dxe4 14. Nxe4 Bc7
15. Re1 Bb7 16. Rad1 Rad8 17. Bc4 c5 18. Neg5 Bxf3 19. Bxf7+ Kh8 20. Nxf3 cxd4
21. Qc4 Bb8 22. Bd5 Qh5 23. h3 b5 24. Qxb5 Rxf3 25. gxf3 Qxh3 26. f4 Bxf4 27.
Bg2 Qh2+ 28. Kf1 Be5 29. Re4 Qh6 30. Rxe5 Nxe5 31. Qxe5 Qa6+ 32. Kg1 Qd6 33.
Qxd6 Rxd6 34. Rc1 g5 35. Be4 d3 36. Rd1 d2 37. Kf1 Rd4 38. Bc2 1-0

[Event "Challenge"]
[Site "http://www.queenalice.com/game.php?id=242601"]
[Date "2007.7.20"]
[Round "-"]
[White "Kleber_Willian"]
[Black "GMTHUNDERCAT"]
[Result "0-1"]
[WhiteElo "1688"]
[BlackElo "2183"]

1. e4 c5 2. Nf3 d6 3. Nc3 Nf6 4. Bc4 Nc6 5. Ng5 e6 6. d3 d5 7. exd5 exd5 8. Qe2+
Be7 9. Bb5 O-O 10. Qf3 Nd4 11. Qd1 Nxb5 12. Bd2 Nxc3 13. Bxc3 d4 14. Bd2 h6 15.
Ne4 Nxe4 16. dxe4 Qb6 17. b3 Qg6 18. O-O Qxe4 19. Re1 Qh4 20. g3 Qf6 21. Qh5 Be6
22. Rac1 Bd6 23. c3 Rac8 24. cxd4 cxd4 25. Rxc8 Rxc8 26. Qb5 Qf3 27. Qe2 Qxe2
28. Rxe2 Rc2 29. Kf1 d3 30. Re1 Rxd2 31. Kg2 Bd5+ 32. Kh3 Rxf2 33. Re8+ Kh7 34.
Rd8 Be6+ 35. g4 Rxh2# 0-1

[Event "Challenge"]
[Site "http://www.queenalice.com/game.php?id=243710"]
[Date "2007.7.22"]
[Round "-"]
[White "gffalcao"]
[Black "GMTHUNDERCAT"]
[Result "0-1"]
[WhiteElo "936"]
[BlackElo "2157"]

1. e4 d5 2. Qh5 Nf6 3. Bb5+ c6 4. Ba4 Nxh5 5. exd5 Qxd5 6. Nc3 Qxg2 7. Nge2
Qxh1+ 8. Ng1 Qxg1+ 9. Ke2 Nf4+ 10. Ke3 Qe1+ 11. Kxf4 Qxf2+ 0-1

[Event "AUTO-OPEN-388"]
[Site "http://www.queenalice.com/game.php?id=249347"]
[Date "2007.8.1"]
[Round "3"]
[White "GMTHUNDERCAT"]
[Black "sergiogvh"]
[Result "1-0"]
[WhiteElo "2146"]
[BlackElo "2310"]

1. d4 Nf6 2. c4 e5 3. dxe5 Ng4 4. Bf4 Nc6 5. Nf3 Bb4+ 6. Nbd2 Qe7 7. e3 Ngxe5 8.
Be2 Nxf3+ 9. Bxf3 Bd6 10. O-O Bxf4 11. exf4 O-O 12. Ne4 d6 13. Qd3 Bf5 14. Rfe1
Qh4 15. g3 Qh6 16. Rad1 Rfe8 17. Qb3 Rab8 18. Ng5 Be6 19. Be4 g6 20. Bd5 Qg7 21.
Bxe6 fxe6 22. c5 Nd4 23. Rxd4 Qxd4 24. Nxe6 Rxe6 25. Qxe6+ Kh8 26. Qd7 Qxc5 27.
Qf7 Qf5 28. Qxc7 Rf8 29. Re7 Qb1+ 30. Kg2 Qxb2 31. Rxh7+ Kg8 32. Re7 Qd4 33.
Qxb7 a5 34. Qb3+ d5 35. Qb5 Qf6 36. Qxd5+ Kh8 37. Qd7 Qb2 38. Qh3+ 1-0

[Event "AUTO-OPEN-388"]
[Site "http://www.queenalice.com/game.php?id=249348"]
[Date "2007.8.1"]
[Round "3"]
[White "sergiogvh"]
[Black "GMTHUNDERCAT"]
[Result "0-1"]
[WhiteElo "2243"]
[BlackElo "2131"]

1. e4 e5 2. f4 exf4 3. Nf3 g5 4. Bc4 g4 5. O-O gxf3 6. Qxf3 Qf6 7. e5 Qxe5 8.
Bxf7+ Kxf7 9. d4 Qf5 10. Nc3 Nf6 11. Bxf4 d6 12. Rae1 Rg8 13. Qe3 Qg4 14. Bg3
Kg7 15. Rxf6 Kxf6 16. Nd5+ Kg7 17. Nxc7 Kh8 18. Nxa8 Na6 19. c3 Bd7 20. d5 h5
21. Qf2 Bg7 22. Qxa7 Nc5 23. Nb6 h4 24. Nxd7 hxg3 25. h3 Qf4 26. Rf1 Qe3+ 27.
Kh1 Qe2 28. Rb1 Nd3 29. Ne5 Bxe5 30. Qa4 Nf2+ 31. Kg1 Nxh3+ 32. Kh1 Nf4 33. Rg1
Qh5# 0-1

[Event "AUTO-MASTER-376"]
[Site "http://www.queenalice.com/game.php?id=264918"]
[Date "2007.9.1"]
[Round "1"]
[White "GMTHUNDERCAT"]
[Black "astrologo"]
[Result "0-1"]
[WhiteElo "2145"]
[BlackElo "2087"]

1. c4 e5 2. Nc3 Nf6 3. Nf3 Nc6 4. a3 Be7 5. e3 O-O 6. Qc2 h6 7. b4 a6 8. Bb2 d6
9. Be2 Bg4 10. h3 Bh5 11. O-O Bg6 12. d3 Qd7 13. Qb3 e4 14. dxe4 Nxe4 15. Nd5
Bd8 16. Rfd1 Ne7 17. Nf4 Bh7 18. c5 Qe8 19. Nd2 Nxd2 20. Rxd2 dxc5 21. Bxg7 Kxg7
22. Nh5+ Kg6 23. Qc2+ f5 0-1

[Event "AUTO-MASTER-376"]
[Site "http://www.queenalice.com/game.php?id=264919"]
[Date "2007.9.1"]
[Round "1"]
[White "astrologo"]
[Black "GMTHUNDERCAT"]
[Result "1-0"]
[WhiteElo "2088"]
[BlackElo "2184"]

1. e4 c5 2. Nf3 d6 3. Bc4 Nc6 4. O-O Nf6 5. Re1 g6 6. Nc3 Bg7 7. a3 Bg4 8. h3
Bxf3 9. Qxf3 O-O 10. d3 Ne5 11. Qe2 Nxc4 12. dxc4 Nd7 13. Bd2 e6 14. Rad1 a6 15.
Qf3 Ne5 16. Qe2 Qh4 17. f4 Nc6 18. Qg4 Qxg4 19. hxg4 1-0

[Event "AUTO-MASTER-376"]
[Site "http://www.queenalice.com/game.php?id=264920"]
[Date "2007.9.1"]
[Round "1"]
[White "GMTHUNDERCAT"]
[Black "ItsYouThatIAdore"]
[Result "1-0"]
[WhiteElo "2170"]
[BlackElo "1663"]

1. c4 e5 2. Nc3 Nf6 3. Nf3 Nc6 4. a3 a5 5. d4 exd4 6. Nxd4 Ne5 7. e4 d6 8. Be2
Be7 9. O-O O-O 10. Be3 Be6 11. Nxe6 fxe6 12. f4 Nc6 13. Qd2 e5 14. f5 Kh8 15.
Rad1 Qe8 16. Nb5 Qd7 17. Qc2 b6 18. Rf3 Ng4 19. Bc1 Nf6 20. Rh3 Nd8 21. g4 c6
22. Nc3 1-0

[Event "AUTO-MASTER-376"]
[Site "http://www.queenalice.com/game.php?id=264921"]
[Date "2007.9.1"]
[Round "1"]
[White "ItsYouThatIAdore"]
[Black "GMTHUNDERCAT"]
[Result "0-1"]
[WhiteElo "1665"]
[BlackElo "2169"]

1. e4 c5 2. Nf3 d6 3. d4 cxd4 4. Nxd4 Nf6 5. Nc3 Bd7 6. Bc4 e6 7. Bg5 Be7 8. Qd3
h6 9. Bd2 Nc6 10. O-O-O Ne5 11. Qe2 Qb6 12. Be3 Nfg4 13. Bd3 Nxe3 14. Qxe3 Bg5
15. f4 Bxf4 16. Qxf4 Qxd4 17. Bb5 Qc5 18. Bxd7+ Kxd7 19. Na4 Qa5 20. Rd4 Rhc8
21. Rhd1 Rc6 22. Nc3 Rac8 0-1

[Event "AUTO-MASTER-376"]
[Site "http://www.queenalice.com/game.php?id=264922"]
[Date "2007.9.1"]
[Round "1"]
[White "GMTHUNDERCAT"]
[Black "PackoJones"]
[Result "0-1"]
[WhiteElo "2157"]
[BlackElo "2141"]

1. d4 Nf6 2. c4 e6 3. Nf3 b6 4. a3 Bb7 5. Nc3 d5 6. Qc2 Be7 7. cxd5 Nxd5 8. Bd2
Nd7 9. e4 Nxc3 10. Bxc3 O-O 11. O-O-O c6 12. Bd3 Qc7 13. e5 h6 14. Kb1 c5 15.
Bh7+ Kh8 16. Be4 cxd4 17. Bxb7 Qxb7 18. Rxd4 Nc5 19. Rhd1 Rad8 20. b4 Rxd4 21.
Bxd4 Ne4 22. Rc1 Ng5 23. Ne1 Rd8 24. Be3 Qd5 25. f4 Ne4 26. Nf3 a5 27. Qc4 axb4
28. Qxd5 Rxd5 29. Rc4 Nc3+ 30. Kc2 b5 31. Rc8+ Kh7 32. Bd2 Rd7 33. axb4 Ne4 34.
Be1 g5 0-1

[Event "AUTO-MASTER-376"]
[Site "http://www.queenalice.com/game.php?id=264923"]
[Date "2007.9.1"]
[Round "1"]
[White "PackoJones"]
[Black "GMTHUNDERCAT"]
[Result "1-0"]
[WhiteElo "2119"]
[BlackElo "2171"]

1. e4 c5 2. Nf3 d6 3. d4 cxd4 4. Nxd4 Nf6 5. Nc3 Bd7 6. f3 e5 7. Ndb5 Be6 8. Nd5
Bxd5 9. exd5 a6 10. Nc3 Be7 11. Be3 Qa5 12. Be2 Nbd7 13. Rb1 b5 14. O-O b4 15.
Ne4 Nxd5 16. Bc5 N7f6 17. Nxf6+ Nxf6 18. Bf2 O-O 19. Qd2 d5 20. a3 Rfc8 21. Rfe1
Bc5 22. axb4 Bxb4 23. c3 Bc5 24. Bf1 Bxf2+ 25. Qxf2 Qc7 26. c4 dxc4 27. Rbc1 a5
28. Bxc4 e4 29. Rc3 Qe5 30. Kh1 1-0

[Event "CLM Playchess"]
[Site "http://www.queenalice.com/game.php?id=376412"]
[Date "2008.3.24"]
[Round "-"]
[White "CesarLMarques"]
[Black "GMTHUNDERCAT"]
[Result "1-0"]
[WhiteElo "2325"]
[BlackElo "2163"]

1. e4 c5 2. Nf3 d6 3. d4 cxd4 4. Nxd4 Nf6 5. Nc3 Bd7 6. Bg5 e6 7. Ndb5 Bc6 8.
Bxf6 gxf6 9. Qh5 a6 10. Nd4 Bd7 11. Bc4 1-0

[Event "CLM Playchess"]
[Site "http://www.queenalice.com/game.php?id=376414"]
[Date "2008.3.24"]
[Round "-"]
[White "GMTHUNDERCAT"]
[Black "CesarLMarques"]
[Result "0-1"]
[WhiteElo "2156"]
[BlackElo "2332"]

1. d4 Nf6 2. c4 e6 3. Nf3 b6 4. a3 Ba6 5. Qc2 Bb7 6. Nc3 c5 7. e4 cxd4 8. Nxd4
Bc5 9. Nb3 Nc6 10. Bg5 h6 0-1